000
00308pab a2200145 454500
008
180718b1990 xxu||||| |||| 00| 0 eng d
100
_a
Kurup, N.P.
245
_a
Productivity in banks
260
_c
1990
300
_a
3-16
362
_a
Jan.
650
_a
Banks
773
_a
Monthly Review
909
_a
4235
999
_c
4235
_d
4235